Pays d'Europe par leur capitales - Statistiques

Statistiques générales
  • Ce quiz a été pris 185 fois
  • Le résultat moyen est 34 sur 45
Statistiques - réponses
Hint Réponse % Correct
Berlin Allemagne
100%
Luxembourg Luxembourg
100%
Andorre la Vieille Andorre
99%
Bruxelles Belgique
99%
Madrid Espagne
99%
Paris France
99%
Monaco Monaco
99%
Amsterdam Pays Bas
98%
Vatican Vatican
98%
Rome Italie
97%
Saint Marin Saint Marin
96%
Lisbonne Portugal
95%
Vienne Autriche
92%
Moscou Russie
91%
Berne Suisse
91%
Kiev Ukraine
91%
Copenhague Danemark
89%
Athènes Grèce
89%
Zagreb Croatie
85%
Varsovie Pologne
85%
Prague Tchéquie
80%
La Valette Malte
73%
Bucarest Roumanie
73%
Budapest Hongrie
71%
Oslo Norvège
69%
Londres Royaume-Uni
69%
Stockholm Suède
69%
Minsk Biélorussie
67%
Sofia Bulgarie
67%
Helsinki Finlande
63%
Dublin Irlande
63%
Reykjavik Islande
62%
Tirana Albanie
60%
Sarajevo Bosnie-Herzégovine
60%
Talinn Estonie
55%
Bratislava Slovaquie
55%
Vaduz Lichtenstein
54%
Belgrade Serbie
53%
Chisinau Moldavie
49%
Ljubljana Slovénie
48%
Vilnius Lituanie
46%
Podgorica Monténégro
44%
Skopje Macédoine du Nord
42%
Riga Lettonie
40%
Pristina Kosovo
34%
Aucun quiz correspondant
Distribution des résultats
% des personnes avec chaque résultat
Percentile par nombre de réponses
Votre historique - résultats
Vous n’avez pas pris ce quiz